| 000 | 00508nam a22001817a 4500 | ||
|---|---|---|---|
| 003 | NUST - PNEC | ||
| 005 | 20170116181128.0 | ||
| 008 | 151006b xxu||||| |||| 00| 0 eng d | ||
| 020 | _a0870030299 | ||
| 020 | _a0870030302 | ||
| 040 | _cLIBRARY | ||
| 082 | _a958.1 HAR | ||
| 100 |
_913825 _aHarrison, Selig S. |
||
| 245 |
_aIn Afghanistan's shadow : Baluch nationalism and Soviet temptations _cSelig S. Harrison |
||
| 260 | _cc.1981 | ||
| 650 |
_913826 _aNationalism _xGeneral books |
||
| 942 |
_2ddc _cBK |
||
| 999 |
_c69854 _d69854 |
||